[Event "Copenhagen Chess Challenge 2"]
[Site "?"]
[Date "2015.05.01"]
[Round "4.1"]
[White "Rishovd,2033, Svein"]
[Black "Matthiesen,2288, FM Martin"]
[Result "0-1"]
[BlackElo "2288"]
[WhiteElo "2033"]
[LiveChessVersion "1.4.6"]

1. d4 {[%clk 1:30:57]} Nf6 {[%clk 1:30:41]} 2. c4 {[%clk 1:31:20]} e6
{[%clk 1:31:04]} 3. Nc3 {[%clk 1:31:43]} Bb4 {[%clk 1:31:26]} 4. e3
{[%clk 1:32:06]} O-O {[%clk 1:31:24]} 5. Bd3 {[%clk 1:32:17]} c5 {[%clk 1:29:37]}
6. Nf3 {[%clk 1:32:32]} d5 {[%clk 1:29:10]} 7. O-O {[%clk 1:32:44]} Nc6
{[%clk 1:27:43]} 8. a3 {[%clk 1:32:49]} Ba5 {[%clk 1:27:33]} 9. Ne2
{[%clk 1:26:42]} cxd4 {[%clk 1:21:00]} 10. Nexd4 {[%clk 1:21:35]} Nxd4
{[%clk 1:14:14]} 11. exd4 {[%clk 1:21:57]} dxc4 {[%clk 1:13:06]} 12. Bxc4
{[%clk 1:22:18]} Bd7 {[%clk 0:42:56]} 13. Ne5 {[%clk 1:00:56]} Bb6
{[%clk 0:37:46]} 14. Qe2 {[%clk 0:49:13]} Ba4 {[%clk 0:24:51]} 15. Nxf7
{[%clk 0:38:35]} Rxf7 {[%clk 0:25:01]} 16. Qxe6 {[%clk 0:34:35]} Qe8
{[%clk 0:19:16]} 17. Be3 {[%clk 0:33:39]} Bc6 {[%clk 0:17:14]} 18. Rfd1
{[%clk 0:30:38]} Qxe6 {[%clk 0:14:59]} 19. Bxe6 {[%clk 0:31:02]} Kf8
{[%clk 0:13:33]} 20. Bxf7 {[%clk 0:23:23]} Kxf7 {[%clk 0:13:44]} 21. a4
{[%clk 0:21:12]} a6 {[%clk 0:10:46]} 22. Bf4 {[%clk 0:14:55]} Nd5
{[%clk 0:09:35]} 23. Be5 {[%clk 0:14:29]} Re8 {[%clk 0:08:24]} 24. f4
{[%clk 0:13:40]} g5 {[%clk 0:06:16]} 25. g3 {[%clk 0:14:04]} gxf4
{[%clk 0:05:37]} 26. gxf4 {[%clk 0:14:28]} Ke6 {[%clk 0:05:46]} 27. Rd3
{[%clk 0:13:46]} Kf5 {[%clk 0:04:41]} 28. a5 {[%clk 0:08:43]} Ba7
{[%clk 0:04:52]} 29. Kf2 {[%clk 0:03:41]} Nxf4 {[%clk 0:04:40]} 30. Re3
{[%clk 0:04:04]} Ng2 {[%clk 0:03:39]} 31. Re2 {[%clk 0:02:51]} Bb5
{[%clk 0:03:40]} 32. Rf1 {[%clk 0:02:55]} Bxe2 {[%clk 0:01:15]} 33. Kxe2+
{[%clk 0:03:23]} Kg4 {[%clk 0:00:39]} 34. Kd3 {[%clk 0:02:20]} Re7
{[%clk 0:01:06]} 35. Rf8 {[%clk 0:01:44]} Ne1+ {[%clk 0:00:53]} 36. Ke4
{[%clk 0:01:10]} Nc2 {[%clk 0:00:53]} 37. Rg8+ {[%clk 0:01:16]} Kh5
{[%clk 0:00:50]} 38. Kf5 {[%clk 0:00:46]} Nxd4+ {[%clk 0:00:55]} 39. Kf4
{[%clk 0:00:33]} Ne2+ {[%clk 0:00:53]} 40. Kf5 {[%clk 0:00:59]} Nd4+
{[%clk 0:01:20]} 41. Ke4 {[%clk 0:01:24]} Nc6 {[%clk 0:01:42]} 0-1

[Event "Copenhagen Chess Challenge 2"]
[Site "?"]
[Date "2015.05.01"]
[Round "4.2"]
[White "Dijkhuis,2288, FM Tycho"]
[Black "Stuhr,1947, Peter Sebastian"]
[Result "1-0"]
[BlackElo "1947"]
[WhiteElo "2288"]
[LiveChessVersion "1.4.6"]

1. e4 {[%clk 1:29:56]} d6 {[%clk 1:29:30]} 2. d4 {[%clk 1:30:20]} Nf6
{[%clk 1:29:55]} 3. Nc3 {[%clk 1:30:44]} e5 {[%clk 1:30:22]} 4. Nge2
{[%clk 1:30:34]} Nbd7 {[%clk 1:27:09]} 5. g3 {[%clk 1:30:50]} c6 {[%clk 1:27:22]}
6. a4 {[%clk 1:31:12]} Rb8 {[%clk 1:27:48]} 7. Bg2 {[%clk 1:30:11]} Be7
{[%clk 1:27:48]} 8. O-O {[%clk 1:29:53]} O-O {[%clk 1:28:12]} 9. h3
{[%clk 1:29:09]} Re8 {[%clk 1:28:00]} 10. Be3 {[%clk 1:27:30]} b6
{[%clk 1:21:26]} 11. g4 {[%clk 1:26:00]} Bf8 {[%clk 1:12:48]} 12. Ng3
{[%clk 1:23:42]} exd4 {[%clk 1:12:42]} 13. Bxd4 {[%clk 1:23:28]} Ne5
{[%clk 1:09:20]} 14. g5 {[%clk 1:12:00]} Nfd7 {[%clk 1:05:10]} 15. f4
{[%clk 1:10:48]} c5 {[%clk 1:03:07]} 16. Be3 {[%clk 1:04:47]} Ng6
{[%clk 1:01:52]} 17. Nf5 {[%clk 1:04:14]} Re6 {[%clk 0:58:36]} 18. Nb5
{[%clk 1:01:57]} Ba6 {[%clk 0:58:55]} 19. c4 {[%clk 0:59:46]} Bxb5
{[%clk 0:49:27]} 20. axb5 {[%clk 1:00:07]} Qc7 {[%clk 0:49:52]} 21. h4
{[%clk 0:59:18]} Ne7 {[%clk 0:43:39]} 22. Ng3 {[%clk 0:57:07]} f5
{[%clk 0:42:49]} 23. Bf2 {[%clk 0:53:12]} g6 {[%clk 0:35:51]} 24. exf5
{[%clk 0:53:37]} gxf5 {[%clk 0:34:47]} 25. Bd5 {[%clk 0:53:56]} Nxd5
{[%clk 0:32:48]} 26. Qxd5 {[%clk 0:54:19]} Rbe8 {[%clk 0:31:56]} 27. Rae1
{[%clk 0:54:40]} Kf7 {[%clk 0:31:53]} 28. Rxe6 {[%clk 0:54:39]} 1-0

[Event "Copenhagen Chess Challenge 2"]
[Site "?"]
[Date "2015.05.01"]
[Round "4.3"]
[White "Veng,2304, FM Johnni"]
[Black "Marinc,2021, Damir"]
[Result "1-0"]
[BlackElo "2021"]
[WhiteElo "2304"]
[LiveChessVersion "1.4.6"]

1. d4 {[%clk 1:30:39]} d5 {[%clk 1:30:39]} 2. Nf3 {[%clk 1:30:54]} Nf6
{[%clk 1:30:57]} 3. c4 {[%clk 1:30:53]} c6 {[%clk 1:31:21]} 4. Nc3
{[%clk 1:30:30]} dxc4 {[%clk 1:31:41]} 5. g3 {[%clk 1:30:26]} Bf5
{[%clk 1:30:01]} 6. Ne5 {[%clk 1:26:47]} Nbd7 {[%clk 1:26:49]} 7. Nxc4
{[%clk 1:26:46]} Nb6 {[%clk 1:19:52]} 8. Ne5 {[%clk 1:24:24]} Nbd7
{[%clk 1:08:44]} 9. Qb3 {[%clk 1:12:05]} Nxe5 {[%clk 1:02:14]} 10. dxe5
{[%clk 1:12:28]} Nd7 {[%clk 1:02:09]} 11. Qxb7 {[%clk 1:08:34]} Qc8
{[%clk 1:00:53]} 12. Qxc8+ {[%clk 1:04:11]} Rxc8 {[%clk 1:01:22]} 13. f4
{[%clk 0:57:28]} e6 {[%clk 0:53:36]} 14. Be3 {[%clk 0:49:48]} Bc5
{[%clk 0:53:56]} 15. Kf2 {[%clk 0:49:18]} f6 {[%clk 0:52:56]} 16. exf6
{[%clk 0:48:46]} gxf6 {[%clk 0:51:54]} 17. Bg2 {[%clk 0:47:50]} Bb6
{[%clk 0:49:09]} 18. Ne4 {[%clk 0:43:33]} Ke7 {[%clk 0:49:27]} 19. Rhd1
{[%clk 0:43:20]} Rc7 {[%clk 0:49:21]} 20. Rac1 {[%clk 0:42:51]} Bxe4
{[%clk 0:42:47]} 21. Bxe4 {[%clk 0:42:45]} c5 {[%clk 0:42:58]} 22. Bd3
{[%clk 0:39:19]} f5 {[%clk 0:42:02]} 23. Kf3 {[%clk 0:31:27]} Rcc8
{[%clk 0:25:35]} 24. Rc2 {[%clk 0:25:30]} h5 {[%clk 0:22:25]} 25. h3
{[%clk 0:23:07]} Rc7 {[%clk 0:14:06]} 26. Bf2 {[%clk 0:19:25]} Rhc8
{[%clk 0:14:10]} 27. Rc4 {[%clk 0:13:14]} Nb8 {[%clk 0:11:30]} 28. e4
{[%clk 0:11:37]} fxe4+ {[%clk 0:11:20]} 29. Bxe4 {[%clk 0:11:58]} Nc6
{[%clk 0:10:43]} 30. Bxc6 {[%clk 0:12:00]} Rxc6 {[%clk 0:11:11]} 31. Ke4
{[%clk 0:11:03]} a5 {[%clk 0:10:15]} 32. Rdc1 {[%clk 0:10:25]} R6c7
{[%clk 0:08:51]} 33. g4 {[%clk 0:10:17]} hxg4 {[%clk 0:08:51]} 34. hxg4
{[%clk 0:10:44]} Kd6 {[%clk 0:08:16]} 35. Rh1 {[%clk 0:10:12]} Rg7
{[%clk 0:08:18]} 36. g5 {[%clk 0:10:19]} Rg6 {[%clk 0:07:03]} 37. Be3
{[%clk 0:10:32]} Rf8 {[%clk 0:06:30]} 38. a3 {[%clk 0:09:51]} Rf5
{[%clk 0:06:20]} 39. b4 {[%clk 0:08:29]} axb4 {[%clk 0:05:22]} 40. axb4
{[%clk 0:08:47]} Rd5 {[%clk 0:04:52]} 41. bxc5+ {[%clk 0:08:15]} Bxc5
{[%clk 0:04:53]} 42. Bxc5+ {[%clk 0:08:27]} Rxc5 {[%clk 0:05:06]} 43. Rxc5
{[%clk 0:08:52]} Kxc5 {[%clk 0:05:30]} 44. Rh6 {[%clk 0:09:08]} 1-0

[Event "Copenhagen Chess Challenge 2"]
[Site "?"]
[Date "2015.05.01"]
[Round "4.4"]
[White "Karlsson,2022, Ulf"]
[Black "Englert,2318, FM Fabian"]
[Result "1/2-1/2"]
[BlackElo "2318"]
[WhiteElo "2022"]
[LiveChessVersion "1.4.6"]

1. e4 {[%clk 1:30:55]} g6 {[%clk 1:30:54]} 2. Nc3 {[%clk 1:30:56]} Bg7
{[%clk 1:31:17]} 3. g3 {[%clk 1:31:22]} c5 {[%clk 1:31:39]} 4. d3
{[%clk 1:31:28]} Nc6 {[%clk 1:32:00]} 5. Bg2 {[%clk 1:31:52]} d6 {[%clk 1:32:17]}
6. f4 {[%clk 1:32:00]} e6 {[%clk 1:32:31]} 7. Nf3 {[%clk 1:32:19]} Nge7
{[%clk 1:32:53]} 8. O-O {[%clk 1:32:43]} O-O {[%clk 1:33:17]} 9. Be3
{[%clk 1:32:50]} b6 {[%clk 1:33:17]} 10. Bf2 {[%clk 1:32:21]} Qd7
{[%clk 1:23:33]} 11. Rb1 {[%clk 1:29:05]} Bb7 {[%clk 1:23:13]} 12. Qd2
{[%clk 1:27:10]} Rad8 {[%clk 1:09:14]} 13. Rfe1 {[%clk 1:24:41]} e5
{[%clk 1:01:09]} 14. Nd5 {[%clk 1:20:47]} exf4 {[%clk 0:59:47]} 15. Nxf4
{[%clk 1:19:09]} Ne5 {[%clk 0:56:46]} 16. c4 {[%clk 1:11:56]} Nxf3+
{[%clk 0:48:59]} 17. Bxf3 {[%clk 1:12:11]} Nc6 {[%clk 0:49:24]} 18. Bg2
{[%clk 1:07:37]} Rde8 {[%clk 0:49:12]} 19. Bh3 {[%clk 1:02:37]} Qd8
{[%clk 0:49:24]} 20. Be3 {[%clk 1:01:29]} Nd4 {[%clk 0:45:05]} 21. Bg2
{[%clk 0:58:57]} Kh8 {[%clk 0:36:34]} 22. Nd5 {[%clk 0:54:50]} Bxd5
{[%clk 0:36:35]} 23. cxd5 {[%clk 0:53:30]} f5 {[%clk 0:36:17]} 24. Rf1
{[%clk 0:45:03]} Qd7 {[%clk 0:33:29]} 25. Kh1 {[%clk 0:39:16]} Qe7
{[%clk 0:22:36]} 26. b4 {[%clk 0:38:55]} fxe4 {[%clk 0:22:31]} 27. Bxe4
{[%clk 0:32:59]} Rxf1+ {[%clk 0:22:13]} 28. Rxf1 {[%clk 0:33:23]} Rf8
{[%clk 0:15:10]} 29. Rxf8+ {[%clk 0:29:08]} Qxf8 {[%clk 0:15:38]} 30. Kg2
{[%clk 0:29:36]} cxb4 {[%clk 0:12:11]} 31. Qxb4 {[%clk 0:29:29]} Nc2
{[%clk 0:12:21]} 32. Qd2 {[%clk 0:29:51]} Nxe3+ {[%clk 0:12:04]} 33. Qxe3
{[%clk 0:30:19]} Qb8 {[%clk 0:10:59]} 34. Bf3 {[%clk 0:29:45]} b5
{[%clk 0:11:12]} 35. Bg4 {[%clk 0:28:54]} b4 {[%clk 0:11:03]} 36. Qe6
{[%clk 0:27:13]} a5 {[%clk 0:11:18]} 37. Qd7 {[%clk 0:21:14]} Bd4
{[%clk 0:09:09]} 38. Bd1 {[%clk 0:21:26]} Qf8 {[%clk 0:09:27]} 39. Bf3
{[%clk 0:18:41]} Bc5 {[%clk 0:06:38]} 40. Qb5 {[%clk 0:16:49]} Qa8
{[%clk 0:04:43]} 41. Qc6 {[%clk 0:16:32]} Qd8 {[%clk 0:03:40]} 42. Qb5
{[%clk 0:15:19]} h5 {[%clk 0:03:45]} 43. Qc4 {[%clk 0:15:31]} Qf6
{[%clk 0:04:01]} 44. Qc2 {[%clk 0:14:25]} Qe5 {[%clk 0:02:12]} 45. Be4
{[%clk 0:09:14]} g5 {[%clk 0:02:06]} 46. Qe2 {[%clk 0:09:05]} g4 {[%clk 0:02:16]}
47. h3 {[%clk 0:08:47]} gxh3+ {[%clk 0:01:16]} 48. Kxh3 {[%clk 0:09:16]} a4
{[%clk 0:01:38]} 49. Qd2 {[%clk 0:08:43]} Kg7 {[%clk 0:01:57]} 50. Qc2
{[%clk 0:08:48]} Kf6 {[%clk 0:01:19]} 51. Qd1 {[%clk 0:06:42]} b3
{[%clk 0:00:54]} 52. axb3 a3 53. Qd2 {[%clk 0:06:37]} Qg5 {[%clk 0:00:52]} 54.
Qc3+ {[%clk 0:06:54]} Qe5 {[%clk 0:01:17]} 55. Qd2 {[%clk 0:07:23]} Qg5
{[%clk 0:01:06]} 56. Qc3+ {[%clk 0:07:51]} Ke7 {[%clk 0:00:53]} 57. b4
{[%clk 0:06:46]} Qg4+ {[%clk 0:01:18]} 58. Kg2 {[%clk 0:06:10]} Qe2+
{[%clk 0:01:28]} 59. Kh3 {[%clk 0:06:38]} Qb2 {[%clk 0:00:56]} 60. Qxb2
{[%clk 0:05:42]} axb2 {[%clk 0:01:25]} 61. d4 {[%clk 0:06:11]} Bxd4
{[%clk 0:00:46]} 62. g4 {[%clk 0:06:17]} Kf6 {[%clk 0:00:57]} 63. gxh5
{[%clk 0:06:37]} Ke5 {[%clk 0:01:26]} 64. Bb1 {[%clk 0:06:17]} Kxd5
{[%clk 0:01:54]} 65. Kg2 {[%clk 0:04:40]} Kc4 {[%clk 0:02:23]} 66. Kf1
{[%clk 0:04:55]} Kxb4 {[%clk 0:02:52]} 67. Ke2 {[%clk 0:04:56]} Kc3
{[%clk 0:02:53]} 68. h6 {[%clk 0:05:16]} Bf6 {[%clk 0:03:12]} 69. h7
{[%clk 0:05:36]} d5 {[%clk 0:03:29]} 70. Kd1 {[%clk 0:05:19]} Kd4
{[%clk 0:02:50]} 71. Ke2 {[%clk 0:05:24]} Bh8 {[%clk 0:02:54]} 1/2-1/2

[Event "Copenhagen Chess Challenge 2"]
[Site "?"]
[Date "2015.05.01"]
[Round "4.5"]
[White "Lundin,2234, FM Jan"]
[Black "Tomaz,2018, Tainan Pantano"]
[Result "1-0"]
[BlackElo "2018"]
[WhiteElo "2234"]
[LiveChessVersion "1.4.6"]

1. e4 {[%clk 1:30:30]} c6 {[%clk 1:27:13]} 2. d4 {[%clk 1:31:10]} d5
{[%clk 1:27:38]} 3. exd5 {[%clk 1:31:29]} cxd5 {[%clk 1:28:03]} 4. c4
{[%clk 1:31:44]} Nf6 {[%clk 1:28:29]} 5. Nc3 {[%clk 1:31:45]} Nc6
{[%clk 1:26:20]} 6. h3 {[%clk 1:29:04]} e6 {[%clk 1:19:49]} 7. Nf3
{[%clk 1:27:55]} dxc4 {[%clk 1:18:39]} 8. Bxc4 {[%clk 1:28:02]} Bb4
{[%clk 1:18:12]} 9. O-O {[%clk 1:27:57]} h6 {[%clk 1:17:51]} 10. Bb3
{[%clk 1:20:32]} O-O {[%clk 1:15:12]} 11. Be3 {[%clk 1:19:35]} Qa5
{[%clk 1:13:07]} 12. Rc1 {[%clk 1:15:34]} Rd8 {[%clk 1:10:33]} 13. Na4
{[%clk 1:04:41]} Nd5 {[%clk 1:04:31]} 14. Qe2 {[%clk 0:53:42]} Nde7
{[%clk 0:54:01]} 15. a3 {[%clk 0:40:46]} Bd6 {[%clk 0:54:20]} 16. Nc5
{[%clk 0:40:50]} Nf5 {[%clk 0:35:28]} 17. Ne4 {[%clk 0:34:52]} Be7
{[%clk 0:27:48]} 18. Rfd1 {[%clk 0:31:20]} Nxe3 {[%clk 0:24:26]} 19. fxe3
{[%clk 0:30:56]} Qb6 {[%clk 0:22:13]} 20. Ba2 {[%clk 0:30:14]} Bd7
{[%clk 0:21:39]} 21. Nc5 {[%clk 0:29:08]} Rac8 {[%clk 0:21:54]} 22. b4
{[%clk 0:28:55]} a6 {[%clk 0:19:14]} 23. Kh1 {[%clk 0:28:31]} Bf6
{[%clk 0:19:03]} 24. e4 {[%clk 0:25:24]} Nb8 {[%clk 0:18:34]} 25. e5
{[%clk 0:18:43]} Be7 {[%clk 0:17:53]} 26. Qc2 {[%clk 0:18:45]} Bc6
{[%clk 0:13:55]} 27. Nxe6 {[%clk 0:12:32]} Bxf3 {[%clk 0:14:21]} 28. Qxc8
{[%clk 0:12:49]} Bxd1 {[%clk 0:12:01]} 29. Nxd8 {[%clk 0:12:44]} Qxd8
{[%clk 0:08:56]} 30. Qxd8+ {[%clk 0:12:44]} Bxd8 {[%clk 0:09:22]} 31. Rxd1
{[%clk 0:12:36]} Kf8 {[%clk 0:09:24]} 32. g4 {[%clk 0:10:49]} Nd7
{[%clk 0:09:32]} 33. Kg2 {[%clk 0:10:48]} Ke7 {[%clk 0:09:52]} 34. Kf3
{[%clk 0:10:57]} Bc7 {[%clk 0:09:45]} 35. Rc1 {[%clk 0:09:44]} Bb6
{[%clk 0:09:15]} 36. Ke4 {[%clk 0:09:56]} g6 {[%clk 0:08:04]} 37. Bd5
{[%clk 0:09:14]} f5+ {[%clk 0:08:08]} 38. gxf5 {[%clk 0:09:28]} gxf5+
{[%clk 0:08:31]} 39. Kd3 {[%clk 0:09:18]} a5 {[%clk 0:07:44]} 40. Rf1
{[%clk 0:09:04]} 1-0

[Event "Copenhagen Chess Challenge 2"]
[Site "?"]
[Date "2015.05.01"]
[Round "4.6"]
[White "Ranaldi,2019, Lucas"]
[Black "Nielsen,2219, Lars Aaes"]
[Result "1/2-1/2"]
[BlackElo "2219"]
[WhiteElo "2019"]
[LiveChessVersion "1.4.6"]

1. d4 {[%clk 1:30:59]} e6 {[%clk 1:30:55]} 2. c4 {[%clk 1:31:24]} b6
{[%clk 1:31:23]} 3. e4 {[%clk 1:31:35]} Bb7 {[%clk 1:31:51]} 4. Bd3
{[%clk 1:31:44]} Bb4+ {[%clk 1:30:26]} 5. Bd2 {[%clk 1:31:31]} Qe7
{[%clk 1:28:27]} 6. Ne2 {[%clk 1:31:38]} f5 {[%clk 1:27:37]} 7. exf5
{[%clk 1:31:25]} exf5 {[%clk 1:25:00]} 8. O-O {[%clk 1:27:57]} Bxd2
{[%clk 1:21:59]} 9. Qxd2 {[%clk 1:23:24]} Nh6 {[%clk 1:21:08]} 10. Nbc3
{[%clk 1:16:54]} O-O {[%clk 1:20:56]} 11. Nf4 {[%clk 1:12:16]} Qg5
{[%clk 1:17:29]} 12. Rad1 {[%clk 1:10:55]} Nc6 {[%clk 1:13:43]} 13. Bb1
{[%clk 0:50:29]} Nd8 {[%clk 1:01:01]} 14. d5 {[%clk 0:42:50]} Ng4
{[%clk 0:58:43]} 15. Nd3 {[%clk 0:37:50]} Qh5 {[%clk 0:49:03]} 16. h3
{[%clk 0:37:13]} Nh6 {[%clk 0:44:46]} 17. d6 {[%clk 0:24:10]} cxd6
{[%clk 0:31:56]} 18. Nf4 {[%clk 0:23:54]} Qg5 {[%clk 0:32:04]} 19. Nfd5
{[%clk 0:16:55]} Qxd2 {[%clk 0:22:35]} 20. Rxd2 {[%clk 0:17:24]} g6
{[%clk 0:22:51]} 21. a3 {[%clk 0:16:08]} Ne6 {[%clk 0:22:27]} 22. Nb5
{[%clk 0:16:03]} Nf7 {[%clk 0:17:30]} 23. Ba2 {[%clk 0:15:06]} Kg7
{[%clk 0:17:39]} 24. Nb4 {[%clk 0:11:02]} Nf4 {[%clk 0:10:27]} 25. f3
{[%clk 0:09:37]} a5 {[%clk 0:10:28]} 26. Nc2 {[%clk 0:06:17]} Rae8
{[%clk 0:09:26]} 27. Kf2 {[%clk 0:04:57]} Re7 {[%clk 0:06:44]} 28. Re1
{[%clk 0:04:21]} Rfe8 {[%clk 0:06:35]} 29. Rxe7 {[%clk 0:04:40]} Rxe7
{[%clk 0:07:01]} 30. Ne3 {[%clk 0:04:28]} Ne5 {[%clk 0:06:06]} 31. Bb1
{[%clk 0:04:31]} Nf7 {[%clk 0:03:50]} 32. Nxd6 {[%clk 0:03:28]} Nxd6
{[%clk 0:03:28]} 33. Rxd6 {[%clk 0:03:56]} Bc6 {[%clk 0:03:49]} 34. b4
{[%clk 0:02:20]} axb4 {[%clk 0:03:16]} 35. axb4 {[%clk 0:02:48]} b5
{[%clk 0:03:40]} 36. cxb5 {[%clk 0:01:11]} Bxb5 {[%clk 0:04:09]} 37. Bxf5
{[%clk 0:00:37]} Nxg2 {[%clk 0:01:39]} 38. Kxg2 {[%clk 0:00:37]} Rxe3
{[%clk 0:02:08]} 39. Bxd7 {[%clk 0:00:55]} Bc4 {[%clk 0:02:00]} 40. Bc6
{[%clk 0:00:49]} h5 {[%clk 0:02:27]} 41. Be4 {[%clk 0:01:01]} h4 {[%clk 0:02:47]}
42. Rxg6+ {[%clk 0:01:12]} Kf7 {[%clk 0:03:13]} 43. Rh6 {[%clk 0:01:22]} Re2+
{[%clk 0:03:37]} 44. Kg1 {[%clk 0:01:41]} Re1+ {[%clk 0:04:03]} 45. Kf2
{[%clk 0:01:59]} Re2+ {[%clk 0:04:29]} 46. Kg1 {[%clk 0:02:19]} 1/2-1/2

[Event "Copenhagen Chess Challenge 2"]
[Site "?"]
[Date "2015.05.01"]
[Round "4.7"]
[White "Akdag,2184, Dara Sevkan"]
[Black "Eriksson,2137, Christian Altenburg"]
[Result "1/2-1/2"]
[BlackElo "2137"]
[WhiteElo "2184"]
[LiveChessVersion "1.4.6"]

1. Nf3 {[%clk 1:30:03]} c5 {[%clk 1:30:29]} 2. c4 {[%clk 1:30:18]} Nc6
{[%clk 1:30:38]} 3. Nc3 {[%clk 1:30:40]} g6 {[%clk 1:30:36]} 4. g3
{[%clk 1:31:02]} Bg7 {[%clk 1:30:53]} 5. Bg2 {[%clk 1:31:24]} d6 {[%clk 1:31:06]}
6. O-O {[%clk 1:31:39]} e5 {[%clk 1:31:08]} 7. a3 {[%clk 1:30:12]} a5
{[%clk 1:30:37]} 8. d3 {[%clk 1:28:53]} Nge7 {[%clk 1:30:48]} 9. Bg5
{[%clk 1:25:46]} h6 {[%clk 1:27:02]} 10. Bd2 {[%clk 1:17:34]} O-O
{[%clk 1:26:23]} 11. Ne1 {[%clk 1:15:54]} Kh7 {[%clk 1:22:25]} 12. Nc2
{[%clk 1:11:27]} f5 {[%clk 1:20:46]} 13. Rb1 {[%clk 1:11:02]} Nd4
{[%clk 1:13:34]} 14. b4 {[%clk 0:53:21]} axb4 {[%clk 1:02:54]} 15. axb4
{[%clk 0:53:38]} Nxc2 {[%clk 0:55:04]} 16. Qxc2 {[%clk 0:53:53]} cxb4
{[%clk 0:55:13]} 17. Nd5 {[%clk 0:52:18]} Nc6 {[%clk 0:54:19]} 18. Bxb4
{[%clk 0:49:28]} f4 {[%clk 0:50:22]} 19. Bc3 {[%clk 0:47:54]} fxg3
{[%clk 0:48:08]} 20. fxg3 {[%clk 0:43:28]} Rxf1+ {[%clk 0:47:30]} 21. Rxf1
{[%clk 0:42:15]} Be6 {[%clk 0:45:47]} 22. Qb2 {[%clk 0:38:11]} Ra7
{[%clk 0:43:49]} 23. Nf4 {[%clk 0:35:40]} Bf5 {[%clk 0:36:21]} 24. Nh5
{[%clk 0:34:46]} Bh8 {[%clk 0:33:47]} 25. Bd5 {[%clk 0:33:20]} Ne7
{[%clk 0:27:29]} 26. e4 {[%clk 0:21:15]} Nxd5 {[%clk 0:22:29]} 27. cxd5
{[%clk 0:21:17]} Bg4 {[%clk 0:18:56]} 28. Qf2 {[%clk 0:16:24]} b6
{[%clk 0:13:23]} 29. Nf6+ {[%clk 0:16:48]} Bxf6 {[%clk 0:09:25]} 30. Qxf6
{[%clk 0:17:16]} Qc8 {[%clk 0:06:45]} 31. Bd2 {[%clk 0:15:46]} Qc2
{[%clk 0:05:47]} 32. Qf8 {[%clk 0:05:47]} Qxd2 {[%clk 0:04:43]} 33. Rf7+
{[%clk 0:06:08]} Rxf7 {[%clk 0:05:09]} 34. Qxf7+ {[%clk 0:06:30]} 1/2-1/2

[Event "Copenhagen Chess Challenge 2"]
[Site "?"]
[Date "2015.05.01"]
[Round "4.8"]
[White "Skovgaard,2006, Ib"]
[Black "Moe,2151, FM Mogens"]
[Result "1-0"]
[BlackElo "2151"]
[WhiteElo "2006"]
[LiveChessVersion "1.4.6"]

1. e4 {[%clk 1:30:57]} c5 {[%clk 1:30:51]} 2. Nf3 {[%clk 1:31:18]} e6
{[%clk 1:31:05]} 3. d4 {[%clk 1:31:32]} cxd4 {[%clk 1:31:30]} 4. Nxd4
{[%clk 1:31:58]} a6 {[%clk 1:31:53]} 5. Nc3 {[%clk 1:32:05]} Qc7 {[%clk 1:32:07]}
6. Qf3 {[%clk 1:32:01]} Nc6 {[%clk 1:32:00]} 7. Nxc6 {[%clk 1:31:34]} Qxc6
{[%clk 1:32:01]} 8. Be2 {[%clk 1:20:52]} b5 {[%clk 1:19:56]} 9. a3
{[%clk 1:04:56]} Bb7 {[%clk 1:17:47]} 10. O-O {[%clk 1:02:30]} Ne7
{[%clk 1:14:04]} 11. Bf4 {[%clk 0:55:34]} Ng6 {[%clk 1:11:37]} 12. Bg3
{[%clk 0:52:18]} Bc5 {[%clk 1:11:33]} 13. Qh5 {[%clk 0:50:27]} Bd4
{[%clk 1:08:05]} 14. Rad1 {[%clk 0:38:43]} Bxc3 {[%clk 1:03:47]} 15. Rd6
{[%clk 0:35:44]} Qc8 {[%clk 1:04:01]} 16. bxc3 {[%clk 0:35:10]} Bxe4
{[%clk 1:04:04]} 17. Rfd1 {[%clk 0:28:48]} Ra7 {[%clk 1:02:22]} 18. Rb6
{[%clk 0:27:14]} O-O {[%clk 1:01:59]} 19. Bd6 {[%clk 0:27:03]} Qxc3
{[%clk 0:54:29]} 20. Bxf8 {[%clk 0:20:35]} Nxf8 {[%clk 0:54:53]} 21. Rb8
{[%clk 0:17:24]} Qc7 {[%clk 0:43:38]} 22. Re8 {[%clk 0:17:07]} Bg6
{[%clk 0:42:47]} 23. Qf3 {[%clk 0:15:27]} f6 {[%clk 0:41:41]} 24. Ra8
{[%clk 0:12:37]} d5 {[%clk 0:39:18]} 25. Rxa7 {[%clk 0:11:39]} Qxa7
{[%clk 0:39:42]} 26. Bd3 {[%clk 0:11:35]} Bf7 {[%clk 0:39:55]} 27. Qe3
{[%clk 0:08:37]} Qc7 {[%clk 0:33:11]} 28. f4 {[%clk 0:09:02]} Nd7
{[%clk 0:33:01]} 29. a4 {[%clk 0:05:29]} bxa4 {[%clk 0:31:20]} 30. Bxa6
{[%clk 0:05:48]} Nc5 {[%clk 0:31:30]} 31. Bb5 {[%clk 0:05:39]} Bg6
{[%clk 0:30:06]} 32. c4 {[%clk 0:05:27]} Qb6 {[%clk 0:24:52]} 33. f5
{[%clk 0:05:28]} d4 {[%clk 0:16:21]} 34. Rxd4 {[%clk 0:04:13]} Nb3
{[%clk 0:16:28]} 35. c5 {[%clk 0:04:30]} Qc7 {[%clk 0:14:08]} 36. fxg6
{[%clk 0:02:53]} Nxd4 {[%clk 0:14:00]} 37. gxh7+ {[%clk 0:03:06]} Kxh7
{[%clk 0:14:09]} 38. Qxd4 {[%clk 0:03:32]} a3 {[%clk 0:14:16]} 39. Qd3+
{[%clk 0:03:53]} Kg8 {[%clk 0:13:58]} 40. Qxa3 {[%clk 0:04:19]} Qe5
{[%clk 0:14:13]} 41. Qc1 {[%clk 0:03:58]} Qc7 {[%clk 0:13:37]} 42. Be2
{[%clk 0:03:42]} e5 {[%clk 0:13:47]} 43. Bf3 {[%clk 0:03:47]} f5 {[%clk 0:13:23]}
44. Qc4+ {[%clk 0:03:38]} Kf8 {[%clk 0:13:36]} 45. Qd5 {[%clk 0:03:57]} Ke7
{[%clk 0:13:18]} 46. Bh5 {[%clk 0:03:44]} Kf6 {[%clk 0:13:21]} 47. h3
{[%clk 0:03:48]} g6 {[%clk 0:13:07]} 48. Be2 {[%clk 0:04:04]} Kg5
{[%clk 0:13:07]} 49. g3 {[%clk 0:03:33]} Qa5 {[%clk 0:13:08]} 50. Qxe5
{[%clk 0:03:15]} Qe1+ {[%clk 0:12:57]} 51. Kg2 {[%clk 0:03:36]} Qc1
{[%clk 0:12:44]} 52. h4+ {[%clk 0:03:54]} 1-0